Online Catalogue and eLibrary

Reinventing women : (Record no. 1147)

MARC details
000 -LEADER
fixed length control field 00268nam a2200097Ia 4500
008 - FIXED-LENGTH DATA ELEMENTS--GENERAL INFORMATION
fixed length control field 240331s9999 xx 000 0 und d
082 ## - DDC Classification
Class No. 302.23
Item Number - Author Mark REI
100 ## - MAIN ENTRY--PERSONAL NAME
Personal name Malik, M. ed
245 #0 - TITLE STATEMENT
Title Reinventing women :
Remainder of title the portrayal of women in the media the zia years
942 ## - Koha item type (Biblio)
Koha item type Books in Stacks (Lending)
Holdings
Lost status Damaged status Collection code Home library Current library Shelving location Date acquired Full call number Accession Number Item type
    Lending WERC Library WERC Library Social Science Cupboard 03/31/2024 302.23 REI 4966 Books in Stacks (Lending)

© WERC Library